Quizzes
Events
Quiz Creation
Community
Videos
Private Events
Remove Ads
Sign In
Join for FREE
Feedback
Dark Mode
Quiz Categories
Sports
Geography
Music
Movies
Television
Just For Fun
Miscellaneous
History
Literature
Language
Science
Gaming
Entertainment
Religion
Holiday
For Kids
Quiz Lab
Recent
Popular Today
Quiz Kudos Today
Editor Picks
Curator Picks
Quizzes by...
Day
Popularity
Type
Ratings
Length
Year
Community
Subscriptions
Recent Discussions
Orange Saloon
Badges
Playlists
Quests
Create
Leaderboards
Showdown
Live 5
Trivia Bingo
Activity
Puzzle Library
Sporcle Events
Private Events
Virtual Trivia
Globe League
Become a Host
Pub Owners
SporcleCon
Opinionation
Our Games
Videos
Blog
Mobile Apps
Partnerships
Remove Ads and Go Orange
Feedback
Music
Pop Music
The Beatles
Song
Album
Lyrics
Bands
Singers
Artist
Clip
Rock
Rap
Classical
Billboard
Country Music
Kpop
Taylor Swift
Music
Pop Music
The Beatles
Song
Album
Lyrics
Bands
Singers
Artist
Clip
Rock
Rap
Classical
Billboard
Country Music
Kpop
Taylor Swift
Random Quiz
Search Sporcle
×
Quiz Lab
Quiz Lab
Music
one-hit
Type in answers that appear in a list
Type in answers that appear in a list
Classic
Best Score? Go Orange.
US One-Hit Wonders of 2003 Stats
Can you name the One-Hit Wonders of 2003?
By
jmsr525
7m
25 Questions
142 Plays
142 Plays
142 Plays
Comments
Comments
Give Quiz Kudos
Give Quiz Kudos
-
- Ratings
hide this ad
More Info
Replay
Link that replays current quiz
Next Quiz
Link to next quiz in quiz playlist
You Got
0%
They Got
Avg Score
26%
Avg Friend Score
Upgrade to see
Score Distribution
Jump to the score distribution portion of the page
Score
0/25
Timer
07:00
0
Plays Today
Song
Artist
% Correct
Stacy's Mom
Fountains of Wayne
87.3%
All The Things She Said
t.A.T.u.
71.1%
Don't Know Why
Norah Jones
61.3%
The Boys of Summer
The Ataris
49.3%
Why Can't I?
Liz Phair
47.2%
Headstrong
Trapt
43%
Never Leave You-
Uh Oooh, Uh Oooh!
Lumidee
37.3%
More to Life
Stacie Orrico
31.7%
Blowin' Me Up
JC Chasez
25.4%
Pump It Up
Joe Budden
25.4%
No Letting Go
Wayne Wonder
23.9%
Never Scared
Bone Crusher
22.5%
Three Wooden Crosses
Randy Travis
20.4%
Song
Artist
% Correct
Wave on Wave
Pat Green
17.6%
Emotional Rollercoaster
Vivian Green
16.2%
Damn!
Youngbloodz
15.5%
Angel
Amanda Perez
14.1%
Something
Lasgo
13.4%
Did My Time
Korn
12.7%
Beware of the Boys
Pan'Jabi MC
9.2%
I Want You
Thalia
8.5%
Clubbin
Marques Houston
8.5%
Say Yes
Floetry
6.3%
You Can't Hide Beautiful
Aaron Lines
5.6%
Tell Me
Smilez & Southstar
4.9%
Quiz Playlist
Details
Report
Send in Message
Add To Playlist
More Info:
These are the artists who only had 1 top 40 hit ever as the main artist. These hits come from 2003.
Classic:
Type in answers that appear in a list
Last Updated: Feb 16, 2017
Quiz Scoreboard
CHALLENGE
Sign Up to Join the Scoreboard
Show All
Scores
Hide
Comments
May contain spoilers
Recently Published
Presidents Visiting Landmarks
by Hejman
History
7m
An Introduction to Baseball
by treessimontrees
Sports
5m
Movies - When Are They Set?
by FPL_Elf
Movies
5m
More to Explore
Quiz From the Vault
Featured Blog Post
Where Did the Easter Bunny Come From?
hide this ad
You Might Also Like...
Tags
2003
one-hit
Wonder
Today's Top Quizzes in Music
Browse Music
hide this ad
Today's Top Quizzes in one-hit
Browse one-hit
Top Contributed Quizzes in Music
1
Taylor Swift All Songs (2024)
2
Guess the Artist- 70s Songs
3
Taylor Swift Logic Puzzle
4
KPOP LOGIC QUIZ
5
One Thing in Common: Music
6
2010s Album by Cover III
7
7-to-1: Billboard Hot 100 #1 Hits of 2010s
8
Guess the Taylor Swift song (Mystery Song)
9
Sorting Albums and Songs
10
2000s Album Cover Bunker
Explore More
Trending Topics
Harry Potter
Anime
Kpop
Disney
NBA
Marvel
Crossword
NFL
Country
Song
WWE
The Office
Soccer
Puzzle
Pokémon
hide this ad
More By:
jmsr525
Quiz
Plays
Rating
Category
Featured
Created
Countries by Any 3 Letters
534,774
4.81
Geography
Mar 14, 2012
Most Top Ten Hits in Each Year
103,451
4.66
Music
Mar 2, 2011
'80s Artists With a Top 5 Hit
81,593
4.07
Music
Sep 20, 2011
Most #1 Singles During Each Presidency
75,240
4.55
Music
Oct 26, 2010
Top 10 Artists Each Year (2000s)
73,577
4.51
Music
Sep 17, 2012
Go to Creator's Profile
Score Distribution
Quiz Creator Spotlight
jmsr525
Follow
Send a Message
Quizzes Created
-
Created Quiz Play Count
-
More By This Creator
Popular Quizzes Today
1
Find the US States - No Outlines Minefield
2
Find the Countries of Europe - No Outlines Minefield
3
The Countries of the World
4
Find the US States
5
Popular People in 1961
6
US States
7
Risky Map Clicking: Biggest States A-Z
8
Movies - When Are They Set?
More Music Quizzes
Best Songs (2000s)
Published
Trending Quizzes
Risky Map Clicking: Least Populous States A-Z
1-10 Letter G Words
1-10 Letter F Words
Risky Map Clicking: Next State Alphabetically
Risky Map Clicking: Biggest States A-Z
Recently Updated
Leaping Animals
pecheneg
Reality TV Shows (A-Z)
bhenderson79
Rickey Henderson's Hall of Fame Teammates
pecheneg
Champions League XIs: Arsenal
pecheneg
Quick Pick: Celebrities in WWE's Hall of Fame
aduchscher
A-Z Keypad Blitz II
pecheneg
Multiple Oscar Actors
pecheneg
Mystery Phrase Blitz: Oscar 'Best Actors'
pecheneg
F. Scott Fitzgerald Novels
LTH
Pick 3 Villains
ddd62291
Trending Topics
Anime
NBA
Disney
Harry Potter
Kpop
Marvel
Crossword
The Office
Pokémon
Puzzle
Song
Country
Soccer
WWE
NFL
Your Account Isn't Verified!
In order to create a playlist on Sporcle, you need to verify the email address you used during registration. Go to your
Sporcle Settings
to finish the process.
Report this User
Report this user for behavior that violates our
Community Guidelines
.
Details:
Send Report
Go to the Sporcle.com Mobile Site →
Comments